Expenses of military courts. Letter from the Secretary of War, transmitting a communication of the Acting Judge-Advocate-General of the Army relative to the item in the Army appropriation bill making provision for expenses of courts-martial and courts of inquiry.

Bibliographic Details
Corporate Authors: United States. Congress. House. Committee on Military Affairs, ProQuest (Firm)
Format: eBook
Language:English
Published: Washington : [publisher not identified], 1890.
Series:United States congressional serial set.
Subjects:
Online Access:Connect to the full text of this electronic book

MARC

Tag First Indicator Second Indicator Subfields
LEADER 00000cam a22000001a 4500
001 in00002949613
005 20190401190054.0
006 m o d
007 cr un mmmapmmp
008 070108s1890 dcu o f000 0 eng d
035 |a cis2004066651 
040 |a UMI  |c UMI  |d UtOrBLW 
043 |a n-us--- 
099 |a ProQuest Serial Set Number 2750 H.exdoc.297 
110 1 |a United States.  |b Congress.  |b House.  |b Committee on Military Affairs. 
245 1 0 |a Expenses of military courts. Letter from the Secretary of War, transmitting a communication of the Acting Judge-Advocate-General of the Army relative to the item in the Army appropriation bill making provision for expenses of courts-martial and courts of inquiry. 
246 1 |a Appropriation for expenses of military courts 
264 1 |a Washington :  |b [publisher not identified],  |c 1890. 
300 |a 1 online resource. 
336 |a text  |b txt  |2 rdacontent 
337 |a computer  |b c  |2 rdamedia 
338 |a online resource  |b cr  |2 rdacarrier 
490 0 |a H.exdoc.297 
500 |a Record is based on bibliographic data in ProQuest U.S. Serial Set Digital Collection (last viewed Jan. 2007). Reuse except for individual research requires license from ProQuest, LLC. 
510 3 |a ProQuest U.S. Serial Set Digital Collection 
500 |a Electronic resource. 
650 0 |a Military courts. 
650 0 |a Courts-martial and courts of inquiry. 
650 0 |a Armed Forces  |x Appropriations and expenditures. 
655 7 |a Electronic books.  |2 local 
710 2 |a ProQuest (Firm) 
830 0 |a United States congressional serial set. 
856 4 0 |u http://proxy.library.tamu.edu/login?url=http://congressional.proquest.com/congcomp/getdoc?SERIAL-SET-ID=2750+H.exdoc.297  |z Connect to the full text of this electronic book  |t 0 
999 |a MARS 
999 f f |s 965069f0-71cb-3c79-9db6-1d54aa26493a  |i 68bc6945-a29b-3459-b18e-a634a0f6e1ae  |t 0 
952 f f |a Texas A&M University  |b College Station  |c Electronic Resources  |d Available Online  |t 0  |e ProQuest Serial Set Number 2750 H.exdoc.297  |h Other scheme 
998 f f |a ProQuest Serial Set Number 2750 H.exdoc.297  |t 0  |l Available Online